| 000 | 00674nam a22002177a 4500 | ||
|---|---|---|---|
| 003 | dpl | ||
| 005 | 20180910123002.0 | ||
| 008 | 180907b xxu||||| |||| 00| 0 eng d | ||
| 010 | _aB-106472 | ||
| 020 |
_a8120321855 _c175.00 |
||
| 035 | _aB-106472 | ||
| 040 |
_aDPL _bEN _c0 |
||
| 082 |
_a005.754 _bBAN |
||
| 100 | _aBanerjee, Rahul | ||
| 245 |
_aInternetworking technologies : _ban engineering perspective / _cby Rahul Banerjee |
||
| 260 |
_aNew Delhi _bPrentice - Hall of India _c2003 |
||
| 270 |
_aM-97, Connaught Circus _bNew Delhi _e110001 |
||
| 300 |
_a253p.; _c21cm. |
||
| 500 | _aInclude Index, Bibliography | ||
| 942 |
_2ddc _cEN _h005.754 _mBAN |
||
| 999 |
_c157153 _d157153 |
||